|
|
|
|
| LEADER |
00000nkmaa2200000 a 4500 |
| 001 |
vtls011737511 |
| 003 |
SK-MaSNL |
| 005 |
20260301182918.0 |
| 007 |
kh bo |
| 008 |
230802s1888 xo | |||0 k|slo |
| 035 |
|
|
|a D1E1B77D-8418-4622-A4E7-D1B9E3E578A1
|
| 035 |
|
|
|a urn:nbn:sk:snk-km43ih0
|
| 035 |
|
|
|a urn:nbn:sk:snk-km00e5pc
|
| 040 |
|
|
|a SNKLA
|b slo
|c SNKLA
|e AACR2
|
| 041 |
0 |
|
|a slo
|
| 044 |
|
|
|a xo
|c SK
|
| 245 |
0 |
0 |
|a [Hurban, Jozef Miloslav]
|h grafika
|
| 260 |
|
|
|a [S.l.
|b s.n.]
|c 1888
|
| 300 |
|
|
|a 1 fotografia
|b čb
|c 18 x 12 cm
|
| 520 |
2 |
|
|a Zobrazenie: Podobizeň ideológa a organizátora slovenského národného hnutia, spisovateľa, vydavateľa, redaktora, historika, cirkevného dejateľa, evanjelického kňaza Jozefa Miloslava Hurbana (19.3.1817 Beckov - 21.2.1888 Hlboké). Reprodukcia kresby od Samuela Stanislava Smetanu z roku 1888 podľa podobizne vyhotovenej vo Vacove v roku 1870 od Jánosa Tápaya (sign. K 4a/7).
|
| 600 |
1 |
7 |
|a Hurban, Jozef Miloslav,
|d 1817-1888
|2 SNKMA
|9 93005
|
| 655 |
|
7 |
|a portrétne fotografie
|2 SNKLA
|9 305796
|
| 655 |
|
7 |
|a reprodukcie umeleckých diel
|2 SNKPH
|9 70730
|
| 700 |
1 |
|
|a Smetana, Samuel Stanislav,
|d 1866-1896
|4 art
|9 199141
|
| 700 |
1 |
|
|a Tápay, János
|4 pht
|9 419623
|
| 852 |
7 |
|
|a Slovenská národná knižnica v Martine
|b Literárny archív
|
| 958 |
|
|
|a ZO
|
| 958 |
|
|
|a BLA
|
| 999 |
|
|
|c 855229
|d 857159
|
| 952 |
|
|
|a SNKLA
|b SNKLA
|c SNKLA_DEP
|y NEVYP
|7 0
|p 17A1226567
|o snkK 4a/72
|i snkLA 917/1967
|0 0
|1 0
|4 0
|d 2018-01-19
|f 1
|l 0
|r 2026-02-24 04:54:28
|w 2026-02-24
|